• 首页
  • 本馆介绍
  • 公告通知
  • 最新文献
  • 馆藏检索
  • 电子资源
  • 读者导购
  • 参考咨询
  • 我的图书馆
  • 登录
  • 详细信息显示
  • 放入我的书架
  • 预约/预借图书
  • 作者相关作品
  • 分类相关作品
  • 丛书相关作品
  • 出版社相关作品

书目信息

  • 表格格式
  • 工作单格式
  • 卡片格式
题名:
心理咨询
    
 
作者: 汪道之 编著
分册:  
出版信息: 北京   中国商业出版社  2002
页数: 461页
开本: 21cm
丛书名: 健康心理系列读本
单 册:
中图分类: R395.6 , B84
科图分类:
主题词: 心理咨询--案例--分析--教材 , 心理咨询 , 心理学
电子资源:
ISBN: 7-5044-4484-7
000 00981oam2 2200289 450
001 1574865940
005 20150120204812.20
010    @a7-5044-4484-7@dCNY29.80
100    @a20020221d2002 em y0chiy0110 ea
101 0  @achi
102    @aCN@b110000
105    @ay z 000yy
200 1  @a心理咨询@9xin li zi xun@e心理问题个案分析与解决方法@f汪道之编著
210    @a北京@c中国商业出版社@d2002
215    @a461页@d21cm
225 2  @a健康心理系列读本
330    @a本书列举了九十八个不同方面的心理问题个案,在进行认真分析的同时,提出了相应的解决问题的方法,教人们学会控制自己的情绪,拥有轻松的生活,构筑健康的人生。
461  0 @12001 @a健康心理系列读本
517 1  @a心理问题个案分析与解决方法@9xin li wen ti ge an fen xi yu jie jue fang fa
606 0  @a心理咨询@x案例@x分析@j教材
606 0  @a心理咨询
606 0  @a心理学
690    @aR395.6@v5
690    @aB84@v4
701  0 @a汪道之@9wang dao zhi@4编著
801  0 @aCN@bTSSF@c20150120
905    @aZUCC@dB84@eJY173
    
    心理咨询:心理问题个案分析与解决方法/汪道之编著.-北京:中国商业出版社,2002
    461页;21cm.-(健康心理系列读本)
    
    
    ISBN 7-5044-4484-7:CNY29.80
    本书列举了九十八个不同方面的心理问题个案,在进行认真分析的同时,提出了相应的解决问题的方法,教人们学会控制自己的情绪,拥有轻松的生活,构筑健康的人生。
●
相关链接 在E读中查询图书 在五车中查询图书 在当当中查询图书 在豆瓣中查询图书


正题名:心理咨询     索取号:B84/JY173         预约/预借

序号 登录号 条形码 馆藏地/架位号 状态 备注
1 7836530   278365305   学院路分馆/ [索取号:B84/JY173] 在馆    
唐山师范学院图书馆 欢迎您!
大连网信软件有限公司© 版权所有